Diagns̤tico integral de las condiciones de trabajo y salud

Bibliographic Details
Main Author: Henao Robledo, Fernando
Other Authors: Nieto Sur̀ez, Liliana Patricia
Format: eBook
Language:Spanish
Published: Bogot:̀ ECOE, 2017
Subjects:
Online Access:Acceso restringido

MARC

LEADER 00000nam a22000007a 4500
005 20190904132715.0
007 cr|||| ||||
008 190904s2017 co |||||s|||| 00||0 spa d
020 |a 978-958-771-500-2 
035 |a 24784 
040 |a vLex 
090 |c 9387  |d 9387 
100 1 |a Henao Robledo, Fernando 
245 1 0 |a Diagns̤tico integral de las condiciones de trabajo y salud  |h [Recurso electrn̤ico] /  |c Fernando Henao Robledo, Liliana Patricia Nieto Sur̀ez 
256 |a Servicio en ln̕ea 
260 |a Bogot:̀  |b ECOE,  |c 2017 
300 |a 1 recurso electrn̤ico 
506 1 |a Disponible solo en los productos indicados  |d vLex Global  |d vLex Global (Academic Edition, excluding Law Schools)  |d vLex Global (U.S. Academic Edition, Law Schools)  |d vLex Global (U.S. Academic Edition, excluding Law Schools)  |d vLex Global (Academic Edition, Law Schools) 
650 0 4 |a Seguridad y Salud Laboral  |z Colombia 
700 1 |a Nieto Sur̀ez, Liliana Patricia 
740 0 |a vLex Libros (Servicio en ln̕ea) 
856 4 0 |u http://vlex.com/source/diagnostico-integral-condiciones-trabajo-salud-24784  |z Acceso restringido 
942 |c BOOK 
999 0 |a Occupational Health & Safety